| 000 | 01129nam a2200433 a 4500 | ||
|---|---|---|---|
| 003 | AR-BaBNM | ||
| 005 | 20251128210806.0 | ||
| 008 | 082120s2002 ||||||||||||||000 | spa|| | ||
| 020 | _a84-249-2493-2 | ||
| 040 | _cAR-BaBNM | ||
| 100 | 0 | _aAristóteles | |
| 245 | 0 | 0 | _aPolítica |
| 260 |
_aMadrid _bGredos _c2000 |
||
| 300 | _axxxiii, 435 p. | ||
| 490 | 0 |
_aBiblioteca básica Gredos _vv. 30 |
|
| 650 | 4 | _aTEORIA DEL ESTADO | |
| 650 | 4 | _aESCUELAS FILOSOFICAS | |
| 650 | 4 | _aHISTORIA ANTIGUA | |
| 650 | 4 | _aFILOSOFOS | |
| 650 | 4 | _aETICA | |
| 650 | 4 | _aPOLITICA | |
| 650 | 4 | _aINSTITUCIONES POLITICAS | |
| 650 | 4 | _aESCLAVITUD | |
| 650 | 4 | _aARISTOCRACIA | |
| 650 | 4 | _aDEMOCRACIA | |
| 650 | 4 | _aHISTORIA DE LA EDUCACION | |
| 650 | 4 | _aHISTORIA CONSTITUCIONAL | |
| 650 | 4 | _aMONARQUIA | |
| 650 | 4 | _aMETAFISICA | |
| 651 | 4 | _aOccidente | |
| 651 | 4 | _aGrecia | |
| 653 | _aFILOSOFIA ANTIGUA | ||
| 653 | _aSISTEMAS FILOSOFICOS | ||
| 653 | _aHISTORIA DEL PENSAMIENTO | ||
| 700 | 1 |
_aCandel Sanmartín, Miguel _eprologuista |
|
| 700 | 1 |
_aGarcía Valdés, Manuela _etraductor |
|
| 942 | _cBK | ||
| 998 | _cMARTIN | ||
| 999 |
_c16928 _d16928 |
||